Lecture notes on mathematical logic /

Guardado en:
Autor Principal: Davis, Martin, 1928-
Formato: Libro
Idioma:English
Publicado: [New York] : [Courant Institute], New York University, Fall 1959.
Etiquetas: Agregar Etiqueta
Sin Etiquetas, Sea el primero en etiquetar este registro!
LEADER 00486nam a22001335a 4500
001 MAT.inmabb001379
008 031124s1959####nyu###########000#0#eng#d
005 20130222171444.0
245 1 0 |a Lecture notes on mathematical logic /  |c Martin Davis ; based on student notes by Allen Weingarten. 
260 |a [New York] :  |b [Courant Institute], New York University,  |c Fall 1959. 
300 |a 91, 6 h. ;  |c 28 cm. 
100 1 |a Davis, Martin,  |d 1928- 
084 |a 03  |2 msc2000 
859 |h 03  |i D261  |p A-1644  |b BIB. MATEMATICA